[Event "Budapest-chT1 Lilienthal 1718"]
[Site "Budapest"]
[Date "2018.03.11"]
[Round "11"]
[White "Kovacs, Patrik Zsolt"]
[Black "Kertesz, Aron Borsa"]
[Result "1-0"]
[WhiteElo "1752"]
[BlackElo "1572"]
[PlyCount "51"]
[EventDate "2017.10.01"]
[EventType "team-tourn"]
[EventRounds "13"]
[EventCountry "HUN"]
[SourceTitle "EXT 2021"]
[Source "ChessBase"]
[SourceDate "2020.10.23"]
[SourceVersion "1"]
[SourceVersionDate "2020.10.23"]
[SourceQuality "1"]
[WhiteTeam "Fabulon"]
[BlackTeam "Budapest Ujpest KSE"]
[WhiteTeamCountry "HUN"]
[BlackTeamCountry "HUN"]

1. d4 Nf6 2. c4 g6 3. Nc3 Bg7 4. e4 d6 5. Be2 0-0 6. Bg5 c6 7. Qd2 Qc7 8. f3 e5 9. d5 c5 10. h4 h5 11. 0-0-0 Nh7 12. g4 hxg4 13. fxg4 f5 14. gxf5 gxf5 15. Bh6 f4 16. Bxg7 Qxg7 17. Nf3 Kf7 18. Rdg1 Qf6 19. Ng5+ Nxg5 20. hxg5 Qg7 21. g6+ Ke8 22. Nb5 Rh8 23. Rxh8+ Qxh8 24. g7 Qg8 25. Bh5+ Ke7 26. Qh2 1-0

[Event "Krakow op-B 28th"]
[Site "Krakow"]
[Date "2018.01.03"]
[Round "8"]
[White "Kovacs, Patrik Zsolt"]
[Black "Buchta, Agnieszka"]
[Result "1/2-1/2"]
[WhiteElo "1856"]
[BlackElo "1801"]
[PlyCount "40"]
[EventDate "2017.12.27"]
[EventType "swiss"]
[EventRounds "9"]
[EventCountry "POL"]
[SourceTitle "CBM 182 Extra"]
[Source "ChessBase"]
[SourceDate "2018.02.23"]
[SourceVersion "1"]
[SourceVersionDate "2018.02.23"]
[SourceQuality "1"]

1. d4 Nf6 2. c4 e6 3. Nf3 Bb4+ 4. Bd2 Qe7 5. a3 Bxd2+ 6. Nbxd2 d6 7. e3 0-0 8. Bd3 e5 9. Qc2 Nc6 10. d5 Nb8 11. 0-0 a5 12. b4 Na6 13. Rab1 g6 14. e4 Nh5 15. Rfc1 axb4 16. axb4 b6 17. c5 bxc5 18. Bxa6 Bxa6 19. bxc5 Nf4 20. Nc4 Rfc8 1/2-1/2

[Event "Krakow op-B 28th"]
[Site "Krakow"]
[Date "2018.01.02"]
[Round "7"]
[White "Pluta, Natalia"]
[Black "Kovacs, Patrik Zsolt"]
[Result "1/2-1/2"]
[WhiteElo "1748"]
[BlackElo "1856"]
[PlyCount "62"]
[EventDate "2017.12.27"]
[EventType "swiss"]
[EventRounds "9"]
[EventCountry "POL"]
[SourceTitle "CBM 182 Extra"]
[Source "ChessBase"]
[SourceDate "2018.02.23"]
[SourceVersion "1"]
[SourceVersionDate "2018.02.23"]
[SourceQuality "1"]

1. c4 e5 2. g3 c6 3. d4 exd4 4. Qxd4 Nf6 5. Nc3 Bb4 6. Bg5 Be7 7. Bg2 h6 8. Bf4 Na6 9. Nf3 Bc5 10. Qd2 d6 11. 0-0 0-0 12. a3 d5 13. cxd5 cxd5 14. Rfd1 Be6 15. Nd4 Qd7 16. Nxe6 fxe6 17. b4 Bb6 18. Rac1 Rae8 19. Be5 Ng4 20. Bd4 Nxf2 21. Rf1 Ng4 22. Bxb6 axb6 23. Qd4 Rxf1+ 24. Rxf1 Qc8 25. Rf3 Nf6 26. Qxb6 Qc7 27. Qxc7 Nxc7 28. Rd3 Ra8 29. a4 Na6 30. Na2 Nc7 31. a5 Na6 1/2-1/2

[Event "Krakow op-B 28th"]
[Site "Krakow"]
[Date "2017.12.29"]
[Round "3"]
[White "Mirski, Michal"]
[Black "Kovacs, Patrik Zsolt"]
[Result "1-0"]
[WhiteElo "1973"]
[BlackElo "1856"]
[PlyCount "71"]
[EventDate "2017.12.27"]
[EventType "swiss"]
[EventRounds "9"]
[EventCountry "POL"]
[SourceTitle "CBM 182 Extra"]
[Source "ChessBase"]
[SourceDate "2018.02.23"]
[SourceVersion "1"]
[SourceVersionDate "2018.02.23"]
[SourceQuality "1"]

1. f4 d5 2. Nf3 c5 3. b3 Nc6 4. Bb2 e6 5. e3 Nf6 6. Be2 b6 7. 0-0 Bb7 8. d3 Be7 9. Qe1 0-0 10. Nbd2 Qc7 11. Ne5 Rfd8 12. Ndf3 Nd7 13. Ng4 d4 14. e4 e5 15. f5 Rf8 16. h4 h5 17. Nf2 Qd8 18. Nh3 Nf6 19. Nfg5 Ng4 20. Qg3 Nf6 21. Bc1 Nb4 22. Bd1 Nc6 23. Qe1 Qd7 24. Bf3 Rae8 25. Qe2 g6 26. g4 hxg4 27. Bxg4 Nxg4 28. Qxg4 Bf6 29. h5 Kg7 30. Nf3 Ne7 31. Nxe5 Qd6 32. Nc4 Qc7 33. Bf4 Qc8 34. Nd6 Qd7 35. Nxe8+ Rxe8 36. e5 1-0

[Event "Budapest-chT1 Lilienthal 1718"]
[Site "Budapest"]
[Date "2017.11.12"]
[Round "3"]
[White "Szabo, Miklos"]
[Black "Kovacs, Patrik Zsolt"]
[Result "0-1"]
[WhiteElo "1759"]
[BlackElo "1752"]
[PlyCount "114"]
[EventDate "2017.10.01"]
[EventType "team-tourn"]
[EventRounds "13"]
[EventCountry "HUN"]
[SourceTitle "EXT 2021"]
[Source "ChessBase"]
[SourceDate "2020.10.23"]
[SourceVersion "1"]
[SourceVersionDate "2020.10.23"]
[SourceQuality "1"]
[WhiteTeam "Penzugyor III"]
[BlackTeam "Fabulon"]
[WhiteTeamCountry "HUN"]
[BlackTeamCountry "HUN"]

1. e4 c6 2. d4 d5 3. exd5 cxd5 4. Bd3 Nc6 5. c3 Nf6 6. h3 Qc7 7. Nf3 e6 8. 0-0 Bd7 9. Nbd2 Be7 10. Re1 0-0 11. Ne5 Rac8 12. Ndf3 h6 13. Bf4 Bd6 14. Qd2 Ne4 15. Bxe4 dxe4 16. Rxe4 f6 17. Ng6 Bxf4 18. Qxf4 Qxf4 19. Nxf4 Kf7 20. Rae1 Rfe8 21. Nd3 b6 22. Nd2 Na5 23. Rf4 Kg8 24. Ne4 Nb7 25. Re3 f5 26. Ng3 g5 27. Rff3 f4 28. Ne4 fxe3 29. Nf6+ Kg7 30. Nxd7 exf2+ 31. Rxf2 Nd6 32. N3e5 Re7 33. d5 exd5 34. Rf6 Rxe5 35. Rxd6 Rd8 36. Nxe5 Rxd6 37. Kf2 d4 38. cxd4 Rxd4 39. Ke3 Rd6 40. b4 h5 41. g4 Kf6 42. Nf3 hxg4 43. hxg4 Rd5 44. Nd4 Rd7 45. Ke4 Re7+ 46. Kd5 Re5+ 47. Kc6 Re4 48. Nf3 Rxg4 49. a3 Rg3 50. Nxg5 Kxg5 51. a4 Kf6 52. Kb7 Rg7+ 53. Ka6 Ke6 54. a5 bxa5 55. bxa5 Kd6 56. Kb5 Rg5+ 57. Ka6 Kc7 0-1

[Event "Budapest-chT1 Lilienthal 1718"]
[Site "Budapest"]
[Date "2017.10.01"]
[Round "1"]
[White "Kovacs, Patrik Zsolt"]
[Black "Deli, Gabor"]
[Result "1-0"]
[WhiteElo "1752"]
[BlackElo "1843"]
[PlyCount "105"]
[EventDate "2017.10.01"]
[EventType "team-tourn"]
[EventRounds "13"]
[EventCountry "HUN"]
[SourceTitle "EXT 2021"]
[Source "ChessBase"]
[SourceDate "2020.10.23"]
[SourceVersion "1"]
[SourceVersionDate "2020.10.23"]
[SourceQuality "1"]
[WhiteTeam "Fabulon"]
[BlackTeam "SENSE"]
[WhiteTeamCountry "HUN"]
[BlackTeamCountry "HUN"]

1. d4 f5 2. c4 Nf6 3. Nc3 e6 4. Nf3 Be7 5. Bf4 d6 6. e3 0-0 7. Bd3 b6 8. 0-0 Bb7 9. Rc1 Ne4 10. Bxe4 fxe4 11. Nd2 d5 12. Qg4 Rf6 13. Nb5 Bd6 14. Bxd6 cxd6 15. cxd5 Na6 16. dxe6 d5 17. h3 Qe7 18. Qg3 Qb4 19. Nc7 Raf8 20. a3 Qe7 21. Rc2 Rg6 22. Qe5 Rg5 23. Qh2 Nb8 24. b4 Bc6 25. b5 Rc8 26. bxc6 Rxc7 27. Rfc1 Rg6 28. Qe5 Rg5 29. Qf4 Rg6 30. Nb1 Rxe6 31. Nc3 Qd8 32. Nxd5 Rcxc6 33. Rxc6 Nxc6 34. Nc7 Rf6 35. Qxe4 Qxc7 36. Qe8+ Rf8 37. Rxc6 Qf7 38. Qxf7+ Rxf7 39. Rc8+ Rf8 40. Rxf8+ Kxf8 41. Kf1 Ke7 42. Ke2 Ke6 43. Kd3 b5 44. e4 a5 45. f4 g6 46. g4 Kd6 47. f5 gxf5 48. gxf5 h5 49. e5+ Kd5 50. f6 Ke6 51. d5+ Kf7 52. d6 Ke6 53. h4 1-0

[Event "HUN-chT2 Erkel 1617"]
[Site "Hungary"]
[Date "2017.03.12"]
[Round "10.10"]
[White "Szlabey, Geza"]
[Black "Kovacs, Patrik Zsolt"]
[Result "0-1"]
[WhiteElo "1944"]
[BlackElo "1743"]
[PlyCount "90"]
[EventDate "2016.09.25"]
[EventType "team-tourn"]
[EventRounds "11"]
[EventCountry "HUN"]
[SourceTitle "EXT 2021"]
[Source "ChessBase"]
[SourceDate "2020.10.23"]
[SourceVersion "1"]
[SourceVersionDate "2020.10.23"]
[SourceQuality "1"]
[WhiteTeam "Fot"]
[BlackTeam "Budapest Kobanya II"]
[WhiteTeamCountry "HUN"]
[BlackTeamCountry "HUN"]

1. e4 c6 2. f4 d5 3. e5 Bf5 4. Nf3 e6 5. b3 c5 6. Ba3 Nc6 7. d3 Rc8 8. Be2 b5 9. 0-0 Qb6 10. Kh1 Nge7 11. Ng1 Bg6 12. g4 h6 13. Qe1 b4 14. Bb2 d4 15. Nd2 Qb7 16. Bf3 h5 17. Nc4 Ng8 18. f5 hxg4 19. fxg6 gxf3 20. gxf7+ Qxf7 21. Rxf3 Qd7 22. Qg3 Nh6 23. Qg6+ Kd8 24. Qh5 Kc7 25. Raf1 Be7 26. Bc1 Nf5 27. Qg4 Rh4 28. Qg2 Rch8 29. Rh3 g5 30. Rxh4 Nxh4 31. Qe4 Nf5 32. Kg2 Rh4 33. Qe2 Qd5+ 34. Qf3 Qd8 35. Rf2 g4 36. Qe2 Rxh2+ 37. Kxh2 g3+ 38. Kg2 gxf2 39. Qxf2 Qg8+ 40. Kf3 Qg6 41. Bf4 Nh4+ 42. Ke2 Qg4+ 43. Kf1 Qd1+ 44. Qe1 Qxe1+ 45. Kxe1 Ng2+ 0-1

[Event "Budapest Karacsonyi op 8th"]
[Site "Budapest"]
[Date "2016.12.29"]
[Round "5"]
[White "Kovacs, Patrik Zsolt"]
[Black "Birovecz, Ben Jordan"]
[Result "0-1"]
[WhiteElo "1660"]
[BlackElo "1990"]
[PlyCount "64"]
[EventDate "2016.12.27"]
[EventType "swiss"]
[EventRounds "7"]
[EventCountry "HUN"]
[SourceTitle "CBM 176 Extra"]
[Source "ChessBase"]
[SourceDate "2017.03.02"]
[SourceVersion "1"]
[SourceVersionDate "2017.03.02"]
[SourceQuality "1"]

1. d4 d5 2. c4 e6 3. Nf3 c5 4. Nc3 Nc6 5. cxd5 exd5 6. Bf4 Nf6 7. e3 Be7 8. Be2 0-0 9. 0-0 Re8 10. Rc1 cxd4 11. Nxd4 a6 12. Bf3 Be6 13. Nce2 Qd7 14. a3 Rac8 15. Qd2 Bg4 16. Nc3 Nxd4 17. Qxd4 Bxf3 18. gxf3 Bc5 19. Qd2 Red8 20. b4 Ba7 21. Ne2 Rc4 22. Rfd1 Rdc8 23. Rxc4 Rxc4 24. Be5 Rh4 25. Kh1 Qf5 26. Nf4 Qxe5 27. Rc1 g5 28. Rg1 Kf8 29. Qc2 gxf4 30. Qc8+ Ne8 31. exf4 Qxf4 32. Rg3 Bxf2 0-1

[Event "HUN-chT2 Erkel 1617"]
[Site "Hungary"]
[Date "2016.11.13"]
[Round "4.11"]
[White "Diller, Denis"]
[Black "Kovacs, Patrik Zsolt"]
[Result "1/2-1/2"]
[WhiteElo "1849"]
[BlackElo "1743"]
[PlyCount "50"]
[EventDate "2016.09.25"]
[EventType "team-tourn"]
[EventRounds "11"]
[EventCountry "HUN"]
[SourceTitle "EXT 2021"]
[Source "ChessBase"]
[SourceDate "2020.10.23"]
[SourceVersion "1"]
[SourceVersionDate "2020.10.23"]
[SourceQuality "1"]
[WhiteTeam "Andornaktalya"]
[BlackTeam "Budapest Kobanya II"]
[WhiteTeamCountry "HUN"]
[BlackTeamCountry "HUN"]

1. d4 d5 2. c4 e5 3. dxe5 d4 4. Nf3 Nc6 5. g3 Nge7 6. Bg2 Ng6 7. Nbd2 Be7 8. Nb3 Ngxe5 9. Nxe5 Nxe5 10. Nxd4 Bb4+ 11. Kf1 c5 12. Bf4 Nxc4 13. Nb3 Qxd1+ 14. Rxd1 Nxb2 15. Rb1 Na4 16. Rc1 0-0 17. h3 Rd8 18. Bf3 Ba3 19. Kg2 Bxc1 20. Rxc1 h6 21. Nxc5 Nxc5 22. Rxc5 a6 23. Rc7 Rb8 24. Rc3 Ra8 25. Rc7 Rb8 1/2-1/2

[Event "HUN-chT2 Erkel 1617"]
[Site "Hungary"]
[Date "2016.10.09"]
[Round "2.9"]
[White "Bajnoczi, Peter"]
[Black "Kovacs, Patrik Zsolt"]
[Result "1/2-1/2"]
[WhiteElo "1975"]
[BlackElo "1743"]
[PlyCount "162"]
[EventDate "2016.09.25"]
[EventType "team-tourn"]
[EventRounds "11"]
[EventCountry "HUN"]
[SourceTitle "EXT 2021"]
[Source "ChessBase"]
[SourceDate "2020.10.23"]
[SourceVersion "1"]
[SourceVersionDate "2020.10.23"]
[SourceQuality "1"]
[WhiteTeam "Szada GSBE"]
[BlackTeam "Budapest Kobanya II"]
[WhiteTeamCountry "HUN"]
[BlackTeamCountry "HUN"]

1. d4 d5 2. c4 e5 3. e3 exd4 4. Qxd4 Nf6 5. cxd5 Qxd5 6. Nf3 Bc5 7. Qa4+ Bd7 8. Bb5 0-0 9. 0-0 a6 10. Bxd7 Qxd7 11. Qc4 Be7 12. Nc3 Qc6 13. Qh4 Nd5 14. Qe4 Nxc3 15. Qxe7 Re8 16. Qh4 Ne4 17. Nd4 Qg6 18. f3 Nc5 19. Rd1 Nbd7 20. e4 Rad8 21. Nf5 f6 22. Bf4 Ne6 23. Rd2 Ne5 24. Kh1 Rxd2 25. Bxd2 Kh8 26. Bc3 Nd3 27. Rd1 Rd8 28. Rd2 Qf7 29. Ne3 c6 30. Ng4 Rd7 31. h3 b5 32. a3 Nec5 33. b4 Na4 34. Ba1 Nb6 35. e5 fxe5 36. Bxe5 Nc4 37. Nf6 gxf6 38. Bxf6+ Kg8 39. Qg4+ Kf8 40. Rxd3 Rxd3 41. Qc8+ Qe8 42. Bg7+ Kf7 43. Qf5+ Kxg7 44. Qxd3 Qe1+ 45. Kh2 Qe5+ 46. Kh1 Qa1+ 47. Kh2 Ne5 48. Qe4 Qc3 49. Qf5 h6 50. Kh1 Qe3 51. Kh2 Nf7 52. Qg4+ Qg5 53. Qc8 Qf4+ 54. Kh1 Qc1+ 55. Kh2 Kf6 56. Qxa6 Qf4+ 57. Kh1 Qc7 58. a4 bxa4 59. b5 a3 60. bxc6 a2 61. Qxa2 Qxc6 62. Qb1 Qe6 63. h4 Kg7 64. Qb4 Qf6 65. Qe4 Qa1+ 66. Kh2 Qe5+ 67. Qxe5+ Nxe5 68. Kg3 Kf6 69. Kf4 Ng6+ 70. Kg4 Kg7 71. h5 Ne7 72. g3 Kf6 73. f4 Nf5 74. Kf3 Nd4+ 75. Ke4 Ne6 76. g4 Nc5+ 77. Kf3 Ne6 78. Kg3 Ng7 79. Kh4 Ne6 80. Kg3 Nd4 81. Kf2 Ne6 1/2-1/2

[Event "EU Union-ch U12 14th"]
[Site "Mureck"]
[Date "2016.08.08"]
[Round "6"]
[White "Kovacs, Patrik Zsolt"]
[Black "Strobl, Samuel"]
[Result "1-0"]
[WhiteElo "1813"]
[BlackElo "1508"]
[PlyCount "65"]
[EventDate "2016.08.03"]
[EventType "swiss"]
[EventRounds "9"]
[EventCountry "AUT"]
[SourceTitle "CBM 174 Extra"]
[Source "ChessBase"]
[SourceDate "2016.10.10"]
[SourceVersion "1"]
[SourceVersionDate "2016.10.10"]
[SourceQuality "1"]

1. d4 Nf6 2. c4 c5 3. d5 e6 4. Nc3 exd5 5. cxd5 d6 6. e4 g6 7. Bd3 Bg7 8. Nge2 0-0 9. 0-0 Re8 10. Bg5 a6 11. a4 Nbd7 12. f4 Qc7 13. b3 b6 14. Qd2 Bb7 15. Rae1 Rab8 16. Rf3 h6 17. Bh4 Nf8 18. Ref1 N8h7 19. h3 Bc8 20. g4 Qa7 21. g5 hxg5 22. fxg5 Nh5 23. Nd1 b5 24. axb5 axb5 25. Ne3 Bd7 26. Rxf7 Rb7 27. R7f3 Rc7 28. Kg2 Rec8 29. e5 Bxe5 30. Bxg6 Ng7 31. Bf7+ Kh8 32. g6 Nf8 33. Ng4 1-0

[Event "EU Union-ch U12 14th"]
[Site "Mureck"]
[Date "2016.08.03"]
[Round "1"]
[White "Kovacs, Patrik Zsolt"]
[Black "Murko, Tadej"]
[Result "1-0"]
[WhiteElo "1813"]
[BlackElo "1407"]
[PlyCount "101"]
[EventDate "2016.08.03"]
[EventType "swiss"]
[EventRounds "9"]
[EventCountry "AUT"]
[SourceTitle "CBM 174 Extra"]
[Source "ChessBase"]
[SourceDate "2016.10.10"]
[SourceVersion "1"]
[SourceVersionDate "2016.10.10"]
[SourceQuality "1"]

1. d4 d5 2. c4 e6 3. Nf3 Nf6 4. Bg5 Nbd7 5. Nc3 c6 6. e3 Qa5 7. Be2 Bb4 8. Qc2 dxc4 9. Bxf6 Nxf6 10. Bxc4 Nd5 11. Rc1 0-0 12. 0-0 Bd7 13. Ne4 Rac8 14. Nfg5 f5 15. Ng3 Be7 16. Nf3 Bd6 17. Ne2 Nf6 18. Rfd1 Bb8 19. h3 Rfe8 20. a3 Kh8 21. Ne5 Bxe5 22. dxe5 Qxe5 23. Nd4 c5 24. Nf3 Qc7 25. Be2 Bc6 26. Qxc5 b6 27. Qc2 Qb7 28. Qb3 Bd5 29. Qd3 Be4 30. Qd6 Bd5 31. Qb4 Ne4 32. Ne5 Kg8 33. Bb5 Red8 34. f3 Nc5 35. a4 a6 36. Be2 Nd7 37. Rxc8 Qxc8 38. Nxd7 Rxd7 39. Qxb6 Rb7 40. Qxa6 Qb8 41. e4 Ra7 42. Qb5 Rb7 43. Qd3 fxe4 44. fxe4 Rb3 45. Qd4 Rb4 46. Qc5 Bxe4 47. Qe7 Qb6+ 48. Kf1 h6 49. Rd7 Bxg2+ 50. Kxg2 Qc6+ 51. Kh2 1-0

[Event "HUN-chT2 Breyer 1516"]
[Site "Hungary"]
[Date "2016.04.17"]
[Round "11.12"]
[White "Mocsari, Eszter"]
[Black "Kovacs, Patrik Zsolt"]
[Result "0-1"]
[WhiteElo "1200"]
[BlackElo "1716"]
[PlyCount "48"]
[EventDate "2015.09.13"]
[EventType "team-tourn"]
[EventRounds "11"]
[EventCountry "HUN"]
[SourceTitle "EXT 2017"]
[Source "ChessBase"]
[SourceDate "2016.10.25"]
[SourceVersion "1"]
[SourceVersionDate "2016.10.25"]
[SourceQuality "1"]
[WhiteTeam "Szazhalombatta"]
[BlackTeam "Kobanya Aquarena"]
[WhiteTeamCountry "HUN"]
[BlackTeamCountry "HUN"]

1. d4 d5 2. g3 Nf6 3. Bg2 Bf5 4. Nf3 e6 5. 0-0 c5 6. e3 Nc6 7. Re1 Rc8 8. b3 Bd6 9. Bb2 cxd4 10. Nxd4 Nxd4 11. Bxd4 Bxc2 12. Qd2 b6 13. Na3 Bxa3 14. f3 0-0 15. e4 dxe4 16. fxe4 Bc5 17. Qxc2 Bxd4+ 18. Qf2 Bxf2+ 19. Kxf2 Qd4+ 20. Kf1 Rc2 21. Re2 Qxa1+ 22. Re1 Qd4 23. Re2 Qd3 24. Ke1 Qxe2# 0-1

[Event "HUN-chT2 Breyer 1516"]
[Site "Hungary"]
[Date "2016.03.20"]
[Round "9.11"]
[White "Kovacs, Patrik Zsolt"]
[Black "Banszegi, Biborka"]
[Result "1-0"]
[WhiteElo "1604"]
[BlackElo "1544"]
[PlyCount "43"]
[EventDate "2015.09.13"]
[EventType "team-tourn"]
[EventRounds "11"]
[EventCountry "HUN"]
[SourceTitle "EXT 2017"]
[Source "ChessBase"]
[SourceDate "2016.10.25"]
[SourceVersion "1"]
[SourceVersionDate "2016.10.25"]
[SourceQuality "1"]
[WhiteTeam "Kobanya Aquarena"]
[BlackTeam "Kisber Aszar"]
[WhiteTeamCountry "HUN"]
[BlackTeamCountry "HUN"]

1. d4 Nf6 2. c4 g6 3. Nc3 d5 4. Nf3 Bg7 5. Bg5 Bg4 6. e3 0-0 7. h3 Be6 8. cxd5 Bxd5 9. Bd3 Nbd7 10. e4 Be6 11. d5 Bxd5 12. exd5 Nc5 13. Bc2 Ncd7 14. 0-0 Nb6 15. Bb3 h6 16. Be3 g5 17. Rc1 g4 18. hxg4 Nxg4 19. Bd4 f6 20. d6+ Kh8 21. dxe7 Qxe7 22. Nh4 1-0

[Event "HUN-ch U10"]
[Site "Balatonlelle"]
[Date "2015.06.24"]
[Round "9"]
[White "Kovacs, Patrik Zsolt"]
[Black "Kocsis, Peter"]
[Result "1-0"]
[WhiteElo "1520"]
[BlackElo "1400"]
[PlyCount "159"]
[EventDate "2015.06.18"]
[EventType "swiss"]
[EventRounds "9"]
[EventCountry "HUN"]
[SourceTitle "CBM 167 Extra"]
[Source "ChessBase"]
[SourceDate "2015.09.14"]
[SourceVersion "1"]
[SourceVersionDate "2015.09.14"]
[SourceQuality "1"]

1. d4 Nf6 2. c4 g6 3. Nc3 Bg7 4. e4 d6 5. Bg5 0-0 6. Qd2 Re8 7. f3 Nbd7 8. g4 e5 9. d5 a5 10. h4 Nc5 11. Be2 Bd7 12. h5 a4 13. hxg6 fxg6 14. Nh3 Rf8 15. Nf2 Qe7 16. Nd3 b6 17. Nxc5 bxc5 18. 0-0-0 Rfb8 19. a3 Rb3 20. Rh2 Rab8 21. Rdh1 Bh8 22. Bd1 R3b7 23. Nxa4 Ra7 24. Nc3 Rab7 25. Rxh7 Qxh7 26. Rxh7 Nxh7 27. Be3 Bf6 28. Qh2 g5 29. Qh6 Be8 30. Qh2 Kg7 31. Kb1 Bd7 32. Bc1 Bd8 33. Ne2 Bf6 34. Ng3 Rg8 35. Nh5+ Kf7 36. Nxf6 Nxf6 37. Qd2 Nh7 38. Qa5 Rgb8 39. Ba4 Bxa4 40. Qxa4 Ke7 41. Qd1 Nf6 42. Bxg5 Rxb2+ 43. Ka1 Kf7 44. Qc1 R8b3 45. Qxb2 Rxb2 46. Kxb2 Nh7 47. Bd8 Ke8 48. Bh4 Kd7 49. a4 Nf8 50. Kb3 Kc8 51. Kc3 Kb7 52. Kd3 Ng6 53. Bg5 Nh8 54. Bd2 Ka6 55. Ke3 Nf7 56. Kf2 c6 57. dxc6 Kb6 58. Kg3 Kxc6 59. Kh4 Kb6 60. g5 Nxg5 61. Kxg5 Ka6 62. Kf6 Kb6 63. Ke6 Kc7 64. a5 Kc6 65. a6 Kc7 66. a7 Kb7 67. Kxd6 Kxa7 68. Kxe5 Kb6 69. f4 Kc6 70. Ke6 Kb6 71. f5 Kc6 72. f6 Kb7 73. f7 Ka7 74. f8Q Kb7 75. Qxc5 Ka6 76. Ba5 Kb7 77. Kd7 Ka8 78. Bc7 Kb7 79. Qb6+ Ka8 80. Qb8# 1-0

[Event "HUN-ch U10"]
[Site "Balatonlelle"]
[Date "2015.06.23"]
[Round "8"]
[White "Kovacs, Patrik Zsolt"]
[Black "Borhy, Marcell Boldizsar"]
[Result "0-1"]
[WhiteElo "1520"]
[BlackElo "1802"]
[PlyCount "78"]
[EventDate "2015.06.18"]
[EventType "swiss"]
[EventRounds "9"]
[EventCountry "HUN"]
[SourceTitle "CBM 167 Extra"]
[Source "ChessBase"]
[SourceDate "2015.09.14"]
[SourceVersion "1"]
[SourceVersionDate "2015.09.14"]
[SourceQuality "1"]

1. d4 d5 2. c4 c6 3. Nc3 Nf6 4. Bg5 e6 5. Nf3 h6 6. Bf4 dxc4 7. a4 Bb4 8. Bd2 c5 9. e3 cxd4 10. Nxd4 e5 11. Nc2 Be7 12. Bxc4 Nc6 13. 0-0 0-0 14. e4 Bc5 15. Be3 Nd4 16. Rc1 Ng4 17. Bxd4 exd4 18. Nb5 Qh4 19. h3 Ne5 20. Ncxd4 Nxc4 21. Rxc4 Bb6 22. Nf3 Qf6 23. e5 Qg6 24. Qc2 Bf5 25. Qd2 Bxh3 26. Nh4 Qe6 27. Qf4 g5 28. Qg3 Qxc4 29. Qxh3 Qxh4 30. Qd7 Rad8 31. Qf5 Qf4 32. Qh3 Bxf2+ 33. Kh1 Qh4 34. Nd6 Qxh3+ 35. gxh3 Bg3 36. Nf5 Bxe5 37. Nxh6+ Kh7 38. Nxf7 Bxb2 39. Nxg5+ Kh6 0-1

[Event "HUN-ch U10"]
[Site "Balatonlelle"]
[Date "2015.06.21"]
[Round "4"]
[White "Kovacs, Patrik Zsolt"]
[Black "Juhasz, Agoston Botond"]
[Result "0-1"]
[WhiteElo "1520"]
[BlackElo "1290"]
[PlyCount "162"]
[EventDate "2015.06.18"]
[EventType "swiss"]
[EventRounds "9"]
[EventCountry "HUN"]
[SourceTitle "CBM 167 Extra"]
[Source "ChessBase"]
[SourceDate "2015.09.14"]
[SourceVersion "1"]
[SourceVersionDate "2015.09.14"]
[SourceQuality "1"]

1. d4 d5 2. c4 e6 3. e3 Nf6 4. Nc3 Be7 5. Nf3 0-0 6. cxd5 exd5 7. Bd3 Bg4 8. 0-0 c6 9. Bd2 Re8 10. h3 Bh5 11. Be2 Nbd7 12. Rc1 Bb4 13. Qb3 Bxc3 14. Bxc3 Qb6 15. Qxb6 axb6 16. a3 Ne4 17. Rfe1 f5 18. Nd2 Bxe2 19. Rxe2 Ndf6 20. Nf3 Re6 21. Ne5 Rd8 22. f3 Nd6 23. Bb4 Nf7 24. Nxf7 Kxf7 25. Kf2 Rde8 26. Rc3 Nd7 27. Rb3 b5 28. g3 g5 29. f4 gxf4 30. gxf4 Nf6 31. Kf3 Ne4 32. Be1 Rg8 33. a4 Nd6 34. Ra3 Rge8 35. axb5 Nxb5 36. Rd3 Nd6 37. Rb3 R8e7 38. Bb4 Rd7 39. Bxd6 Rexd6 40. Ra3 Rh6 41. Kg3 Ke6 42. Rb3 Kd6 43. Kh2 Re6 44. Kg3 Rg7+ 45. Kh2 h5 46. Rg2 Rxg2+ 47. Kxg2 h4 48. Kf3 Kc7 49. Rc3 Rg6 50. Kf2 Rg3 51. b3 Rxh3 52. Kg2 Rg3+ 53. Kf2 Kb6 54. Rc1 Kb5 55. Rh1 Rg4 56. Rd1 Kb4 57. Rh1 b6 58. Rc1 c5 59. dxc5 bxc5 60. Kf3 Kb5 61. Rb1 h3 62. Rh1 Rh4 63. Kg3 Rh8 64. Kh2 c4 65. bxc4+ dxc4 66. Rb1+ Ka4 67. Rb2 c3 68. Ra2+ Kb3 69. Ra7 Rc8 70. Kxh3 c2 71. Rb7+ Ka2 72. Ra7+ Kb1 73. Rb7+ Kc1 74. Rd7 Rb8 75. Kh4 Kb1 76. Rc7 c1Q 77. Rxc1+ Kxc1 78. Kg5 Rb5 79. Kg6 Kd2 80. e4 fxe4 81. f5 Rxf5 0-1

[Event "HUN-ch U10"]
[Site "Balatonlelle"]
[Date "2015.06.19"]
[Round "2"]
[White "Kovacs, Patrik Zsolt"]
[Black "Barsi, Botond"]
[Result "1-0"]
[WhiteElo "1520"]
[BlackElo "1350"]
[PlyCount "87"]
[EventDate "2015.06.18"]
[EventType "swiss"]
[EventRounds "9"]
[EventCountry "HUN"]
[SourceTitle "CBM 167 Extra"]
[Source "ChessBase"]
[SourceDate "2015.09.14"]
[SourceVersion "1"]
[SourceVersionDate "2015.09.14"]
[SourceQuality "1"]

1. d4 d5 2. c4 c6 3. e3 Nf6 4. Nc3 e6 5. Nf3 Bd6 6. Bd2 0-0 7. Bd3 b6 8. cxd5 cxd5 9. 0-0 Nc6 10. a3 a5 11. Rc1 Ne7 12. Qe2 Bd7 13. Nb5 Bxb5 14. Bxb5 Ne4 15. Bd3 Qb8 16. h3 h6 17. Bc3 Rc8 18. Nd2 Nxc3 19. bxc3 Bxa3 20. Rc2 Bd6 21. c4 Qb7 22. Rb2 Qa7 23. Rfb1 Rab8 24. cxd5 Nxd5 25. Qf3 Nc3 26. Ra1 Bb4 27. Rxb4 Nd5 28. Rbb1 Qd7 29. Nc4 Qe7 30. Be4 Rxc4 31. Bxd5 exd5 32. Qxd5 Rb4 33. Rc1 a4 34. Qc6 b5 35. d5 Qe8 36. d6 Qxc6 37. Rxc6 Rd8 38. Rd1 a3 39. d7 a2 40. Rc8 Rb1 41. Rxd8+ Kh7 42. Rh8+ Kxh8 43. d8Q+ Kh7 44. Qd3+ 1-0